[Event "Ambes op 2nd"]
[Site "Ambes"]
[Date "2009.04.15"]
[Round "5"]
[White "Barbot, Pierre1111"]
[Black "Kosic, Miroslav"]
[Result "0-1"]
[WhiteElo "1660"]
[BlackElo "1510"]
[PlyCount "51"]
[EventDate "2009.04.11"]
[EventType "swiss"]
[EventRounds "9"]
[EventCountry "FRA"]
[SourceTitle "EXT 2012"]
[Source "ChessBase"]
[SourceDate "2011.11.24"]
[SourceVersion "1"]
[SourceVersionDate "2011.11.24"]
[SourceQuality "1"]

1. d4 d5 2. Bf4 e6 3. e3 Bd6 4. Bg3 Nf6 5. c4 Bxg3 6. hxg3 b6 7. Nf3 Nbd7 8. Nc3 Ba6 9. Qa4 Bb7 10. cxd5 exd5 11. Ne5 a6 12. Nxd7 Qxd7 13. Qc2 Qe7 14. Rc1 c5 15. dxc5 Qxc5 16. Bd3 g6 17. Qd2 Qe7 18. Rh4 b5 19. Rd4 0-0 20. Ke2 h5 21. Rh4 Rad8 22. Kd1 Rfe8 23. Ne2 Ng4 24. Nd4 Qf6 25. f3 Nxe3+ 26. Ke1 0-1

[Event "Ambes op 2nd"]
[Site "Ambes"]
[Date "2009.04.14"]
[Round "4"]
[White "Kosic, Miroslav"]
[Black "Teyssier, Jean Paul"]
[Result "0-1"]
[WhiteElo "1510"]
[BlackElo "1720"]
[PlyCount "94"]
[EventDate "2009.04.11"]
[EventType "swiss"]
[EventRounds "9"]
[EventCountry "FRA"]
[SourceTitle "EXT 2012"]
[Source "ChessBase"]
[SourceDate "2011.11.24"]
[SourceVersion "1"]
[SourceVersionDate "2011.11.24"]
[SourceQuality "1"]

1. g3 e6 2. Bg2 d5 3. Nf3 Nf6 4. d3 Nc6 5. a3 b6 6. d4 b5 7. Bd2 Rb8 8. b4 Ne4 9. Nc3 Nxd2 10. Qxd2 a6 11. 0-0 Bb7 12. Nd1 g6 13. c3 Bg7 14. h3 Ne7 15. Nh2 Nf5 16. f4 Nxg3 17. Rf2 Ne4 18. Bxe4 dxe4 19. Qe3 f5 20. Qg3 Bf6 21. Qe3 Kf7 22. Kf1 Bh4 23. Rg2 Qd5 24. Rb1 Qa2 25. Qc1 e3 26. Rg1 Bf2 27. Nxf2 exf2 28. Rg3 Be4 29. Ra1 Qb3 30. Kxf2 Rbd8 31. Nf1 Bb7 32. Nd2 Qd5 33. Nf3 Kf6 34. Qe3 Qe4 35. Qd2 Bc6 36. Ng5 Qd5 37. Qe3 h6 38. Nf3 Qe4 39. Qc1 Rdg8 40. h4 Rg7 41. e3 Rhg8 42. Qd1 g5 43. Nd2 Qd5 44. Qh5 g4 45. Qxh6+ Rg6 46. h5 Rxh6 47. Rh1 Qa2 0-1

[Event "Ambes op 2nd"]
[Site "Ambes"]
[Date "2009.04.12"]
[Round "2"]
[White "Edyelu, Joseph"]
[Black "Kosic, Miroslav"]
[Result "1-0"]
[WhiteElo "1710"]
[BlackElo "1510"]
[PlyCount "93"]
[EventDate "2009.04.11"]
[EventType "swiss"]
[EventRounds "9"]
[EventCountry "FRA"]
[SourceTitle "EXT 2012"]
[Source "ChessBase"]
[SourceDate "2011.11.24"]
[SourceVersion "1"]
[SourceVersionDate "2011.11.24"]
[SourceQuality "1"]

1. d4 d5 2. Nf3 g6 3. c4 Be6 4. e3 c6 5. Qb3 b6 6. Nbd2 Nf6 7. Be2 Bg7 8. 0-0 0-0 9. Ne5 Nfd7 10. f4 Nxe5 11. fxe5 Bh6 12. Nf3 a6 13. h4 Bg4 14. cxd5 cxd5 15. Qd1 e6 16. Ng5 Bxe2 17. Qxe2 Bxg5 18. hxg5 Qxg5 19. e4 Qd8 20. Bh6 Re8 21. Rf4 Ra7 22. Raf1 dxe4 23. Rxe4 Nc6 24. Qg4 Nxe5 25. dxe5 Ree7 26. Bg5 h5 27. Qh4 b5 28. Kh2 Qf8 29. Bxe7 Rxe7 30. Rd4 Kh7 31. Qf6 Re8 32. Rfd1 Qe7 33. Qxe7 Rxe7 34. Rd7 Re8 35. Rd8 Rg8 36. Rxg8 Kxg8 37. Rd8+ Kg7 38. Ra8 g5 39. Rxa6 Kg6 40. Ra5 b4 41. Rb5 Kf5 42. a4 bxa3 43. bxa3 h4 44. a4 g4 45. a5 Ke4 46. a6 Ke3 47. a7 1-0